000
00316nam a22001337a 4500
008
170502b xxu||||| |||| 00| 0 eng d
020
_a
9780618474028
041
_a
eng
080
_a
342
100
_a
13
101
_a
SHJ
245
_a
LEARNING DISABILITIES NAD RELATED DISORDERS
_c
LERNER.J
942
_2
udc
_c
BK
999
_c
12467
_d
12467